Jan Paweł II - prawda czy fałsz ? - Statystyki

Ogólne statystyki
  • Ten quiz został rozwiązany 377 razy
  • Średni wynik to 13 z 15
Statystyki odpowiedzi
Zagadnienie Odpowiedź % Poprawnych
Urodził się w Wadowicach Prawda
99%
Miał ma imię Karol Wojtyła Prawda
99%
Lubił kremówki Prawda
98%
Był jedynym polskim papieżem Prawda
98%
Miał dzieci Fałsz
97%
Jest świętym Prawda
97%
Był biskupem Prawda
93%
Był ofiarą zamachu Prawda
93%
Był papieżem przez ponad 25 lat Prawda
91%
Jan Paweł II nie posiadał rodzeństwa Fałsz
84%
Jest pochowany w Krakowie Fałsz
83%
Żył ponad 90 lat Fałsz
81%
Najczęściej odwiedzanym krajem przez papieża była Polska nie licząc (Włoch) jak już był papieżem Prawda
79%
Był prymasem Polski Fałsz
73%
W wieku 9 lat zmarł mu ojciec Fałsz
44%
Nie znaleziono quizów pasujących do podanych kryteriów
Rozkład punktacji
Procent ludzi z każdym wynikiem
Percentyl według liczby udzielonych odpowiedzi
Twoja historia wyników
Nie rozwiązałeś tego quizu